Europäische Länder mit dem größten Anteil an erneuerbarer Energie - Statistiken

Allgemein
  • Dieses Quiz wurde 87 mal gespielt
  • Das Durchschnittsergebnis liegt bei 12 aus 15
Antwortstatistiken
Anteil erneuerbarer
Energie
Land % Korrekt
62,6 Schweden
99%
43,1% Finnland
96%
74,1% Norwegen
96%
34,7% Dänemark
94%
85,8% Island
93%
38% Estland
85%
42,1% Lettland
85%
28,2% Litauen
85%
36,4% Österreich
81%
34% Portugal
78%
25,3% Serbien
68%
31,3% Kroatien
65%
41,4% Albanien
63%
36,6% Bosnien und Herzegowina
63%
39,9% Montenegro
62%
Keine übereinstimmenden Quizze gefunden
Verteilung der Resultate
Anzahl Personen mit jedem Resultat
Perzentil nach korrekt beantworteten Fragen
Ihre Resultats-Entwicklung
Sie haben dieses Quiz noch nicht gespielt